Tras el búho de Minerva: mercado contra democracia en el capitalismo de fin de siglo. Epílogo
Sábháilte in:
| Príomhchruthaitheoir: | |
|---|---|
| Formáid: | Anaithnid |
| Foilsithe / Cruthaithe: |
Buenos Aires:
Fondo de Cultura Económica
|
| Ábhair: | |
| Clibeanna: |
Cuir clib leis
Níl clibeanna ann, Bí ar an gcéad duine le clib a chur leis an taifead seo!
|
MARC
| LEADER | 00000 a2200000 04500 | ||
|---|---|---|---|
| 001 | 19286 | ||
| 003 | |||
| 008 | 991231s d | ||
| 040 | |||
| 090 | |a 145602 | ||
| 100 | |a Boron, Atilio A | ||
| 245 | |a Tras el búho de Minerva: mercado contra democracia en el capitalismo de fin de siglo. Epílogo | ||
| 260 | |a Buenos Aires: |b Fondo de Cultura Económica | ||
| 300 | |a 247 p. | ||
| 500 | |a Ponencia presentada al XIV Congreso Mundial, Asociación Internacional de Sociología. Montreal, Canada, 1998. Disponble en Cd, en No. 194111 | ||
| 650 | |a CIENCIAS SOCIALES | ||
| 650 | |a TEORIA SOCIAL | ||
| 999 | |c 1443 |d 1443 | ||
